14 Tallest Mountains by Picture - Statistics

General Stats
  • This quiz has been taken 53 times
  • The average score is 6 of 14
Answer Stats
Picture Answer % Correct
K2
93%
Everest
68%
Broad Peak
46%
Manaslu
46%
Annapurna I
43%
Cho Oyu
43%
Lhotse
43%
Makalu
39%
Nanga Parbat
39%
Shishapangma
39%
Dhaulagiri
36%
Kanchenjunga
36%
Gasherbrum II
32%
Gasherbrum I
29%
No matching quizzes found
Score Distribution
Percent of People with Each Score
Percentile by Number Answered
Your Score History
You have not taken this quiz